00433 2200181 4500001002100000005001500021008004100036020001800077035001900095041000700114082000800121090001400129100001600143245003300159260002200192300002300214650001400237INLIS00000000000264320241224112557241224||||||||| | ||| |||| || |  a979-542-147-6 0010-1224002643 aid0 a796 a796 JAR b0 aJess Jarver00aBelajar Dan Berlatih Atletik bPionir Jayac2013 a126 hlm;15 x 21 cm 0aOlah Raga